00676cam a2200193 a 450000100100000000500170001000800410002704000250006804100130009310000300010624500650013626000390020130000220024044000660026244000660032853400400039460000220043470000260045600000474320200929151508.0780607s1985 cl 000 f spa  aDO-SdBNPbspacBNPHU17aspahfre1 aHugo, Victor,d1802-1885.14aLos miserables /cVictor Hugo, traducción, Aurora Alemany. aSantiago, Chile :bErcilia,c1985. a2 t. p. ;c19 cm. 0at. 1. Los Mejores Libros de la Literatura Universal ;vno. 31 0at. 2. Los Mejores Libros de la Literatura Universal ;vno. 32 aTítulo orignal: Les Misérables.10aPenalosa, Javier.1 aAlemany, Aurora,etr.